00602cam a22001577a 4500008004000000082001700040100001800057245014700075260003700222300001000259650003000269700002200299700001600321999001900337952008800356180718b1982 xxu||||| |||| 00| 0 eng d aB136x54 V883 aVolken, Henry aLearning from the rural poor: shared experiences of the mobile orientation and training teamcby Henry Volken, Ajoy Kumar and Sara Kaithathara aDelhibIndian Social Inst.c1982 a114p. aRural development - India aKaithathara, Sara aKumar, Ajoy c356094d356094 00104070aIIPAbIIPAd1993-12-31oB136x54 V883p58556r2018-07-21w2018-07-21yBK